| 000 | 00356 a2200145 4500 | ||
|---|---|---|---|
| 001 | 32951 | ||
| 082 | _a531.381 YOU | ||
| 090 |
_c22107 _d22107 |
||
| 100 | _aYoung,W.C | ||
| 245 | _aRoark's Formulas for stress and strain, 7/e | ||
| 250 | _a7 | ||
| 260 |
_aBoston _bMcGraw-Hill _c2002 |
||
| 300 | _axii, 852 p. | ||
| 650 | _astress and strain-formulas | ||
| 942 |
_aNUST-CAE _k531.381 YOU |
||
| 999 |
_c268024 _d268024 |
||